000 01600nam a2200253Ia 4500
001 18579
003 GE_BSU
008 181216s||||||||xx |||||||||||||| ||und||
010 _a9789941465376
040 _cGE_BSU
080 _a396(100)(09)
100 _aხაზარაძე ნანა,ლია მელიქიშვილი,ნინო მინდაძე,თამარ ხოხობაშვილი,ნანა ბახსოლანი
245 _aქალი დროსა და სივრცეში:Woman IN TIME AND SPACE
245 _cრედ:მანანა ხიდაშელი,ყდის გრაფიკა და დაიზაინი:ლ.მელიქიშვილი,ჯ.ამირანაშვილი
260 _aთბილისი
260 _bგ.გ
260 _c2016
300 _a202გვ;20სმ.
300 _bბიბლიოგრ.: გვ.199-201
653 _aმეცნიერების მიერ ჩატარებული სიღრმისეული კვლევის შედეგები დიდ სამსახურს გაუწევს ქალის ფენომენით დაინტერესებულ სპეცილისტებსა და მკითხველ ფართო საზოგადოებას.
653 _aქალთა საკითრხები,ქალთა მდგომარეობა.
653 _aქალი დროსა და სივრცეში
942 _cBK
999 _c51588
_d51588